<?xml version="1.0" encoding="UTF-8"?><?xml-stylesheet type="text/xsl" href="static/style.xsl"?><OAI-PMH xmlns="http://www.openarchives.org/OAI/2.0/" xmlns:xsi="http://www.w3.org/2001/XMLSchema-instance" xsi:schemaLocation="http://www.openarchives.org/OAI/2.0/ http://www.openarchives.org/OAI/2.0/OAI-PMH.xsd"><responseDate>2026-06-07T13:53:41Z</responseDate><request verb="GetRecord" identifier="oai:docta.ucm.es:20.500.14352/113452" metadataPrefix="marc">https://docta.ucm.es/rest/oai/request</request><GetRecord><record><header><identifier>oai:docta.ucm.es:20.500.14352/113452</identifier><datestamp>2025-08-29T16:54:14Z</datestamp><setSpec>com_20.500.14352_14</setSpec><setSpec>col_20.500.14352_15</setSpec></header><metadata><record xmlns="http://www.loc.gov/MARC21/slim" xmlns:dcterms="http://purl.org/dc/terms/" xmlns:xsi="http://www.w3.org/2001/XMLSchema-instance" xmlns:doc="http://www.lyncode.com/xoai" xsi:schemaLocation="http://www.loc.gov/MARC21/slim http://www.loc.gov/standards/marcxml/schema/MARC21slim.xsd">
   <leader>00925njm 22002777a 4500</leader>
   <datafield ind2=" " ind1=" " tag="042">
      <subfield code="a">dc</subfield>
   </datafield>
   <datafield ind2=" " ind1=" " tag="720">
      <subfield code="a">De Lima Grecco, Gabriela</subfield>
      <subfield code="e">author</subfield>
   </datafield>
   <datafield ind2=" " ind1=" " tag="260">
      <subfield code="c">2021</subfield>
   </datafield>
   <datafield ind2=" " ind1=" " tag="520">
      <subfield code="a">Este artigo procura, através de fontes primárias oriundas, principalmente, do CPDOC (FGV) e do Arquivo Público de São Paulo, analisar as políticas de promoção do livro durante o Estado Novo (1937-1945), período em que o Estado investiu na criação da categoria de “livros da Nação”, fundando, para tanto, o Instituto Nacional do Livro. Serão analisadas as três seções do Instituto (a Seção da Enciclopédia e do Dicionário, de Bibliotecas e de Publicações), no intuito de se compreender se os instrumentos de promoção da leitura desenvolvidos no período foram coerentes com os seus objetivos e se guardaram relação estrita com a ideologia do regime. Busca-se também entender seus êxitos, fracassos e suas inconsistências.
Pretende-se, com isso, contribuir para a compreensão da política de fomento do livro e da leitura, identificando, especialmente, o papel dos intelectuais
nas políticas públicas.</subfield>
   </datafield>
   <datafield ind1="8" ind2=" " tag="024">
      <subfield code="a">GRECCO, G.L. Escrever a tradição, modernizar a nação: literatura e identidade nacional durante o Estado Novo de Vargas (1937-1945), Revista Brasileira de História, vol. 41, nº 88, Brasil, São Paulo, 2021, pp. 255-278.</subfield>
   </datafield>
   <datafield ind1="8" ind2=" " tag="024">
      <subfield code="a">10.1590/1806-93472021v41n88-13</subfield>
   </datafield>
   <datafield ind1="8" ind2=" " tag="024">
      <subfield code="a">https://hdl.handle.net/20.500.14352/113452</subfield>
   </datafield>
   <datafield ind1="8" ind2=" " tag="024">
      <subfield code="a">http://dx.doi.org/10.1590/1806-93472021v41n88-13</subfield>
   </datafield>
   <datafield ind1="8" ind2=" " tag="024">
      <subfield code="a">https://www.scielo.br/j/rbh/a/6h3pwVRpYwzcf9MD5M8s5HC/abstract/?lang=pt</subfield>
   </datafield>
   <datafield ind2="0" ind1="0" tag="245">
      <subfield code="a">Escrever a tradição, modernizar a nação: literatura e identidade nacional durante o Estado Novo de Vargas (1937-1945)</subfield>
   </datafield>
</record></metadata></record></GetRecord></OAI-PMH>